Leader xxxxxxxxxx
001 __ PCLIS00049753
005 __ 20211109095426.0
010 0_ |a978-986-5607-07-4|b平裝|dNT$260
100 __ |a20160421d2015 m y0chiy09 e
101 0_ |achi
102 __ |atw
105 __ |ay z 000ay
200 1_ |a地獄黎明|fDiv(另一種聲音)著
205 __ |a初版
210 __ |a臺北市|c春天出版|a新北市新店區|c楨德圖書總經銷|d2015[民104]
215 0_ |a303面||d21公分
225 2_ |a地獄系列|i第十二部|h13
225 2_ |a奇幻次元|v30
300 __ |a地獄系列第十三部
410 _0 |12001 |a奇幻次元|v30
461 _1 |12001 |a地獄系列|v13
681 __ |a857.7|b8726
681 __ |a857.7|b8538
700 _0 |aDiv|c(另一種聲音)|f1978- |4作
702 _1 |a莊|b宜勳|4總編輯
801 _0 |atw|b內湖高中|c20160421|gCCR
801 _2 |atw|b內湖高中|c20211109|gCCR
|